000
00274nam a2200121 a 4500
008
101208s1973|||| d
245
1
0
_a
Kopernikov svet
100
1
_a
Bietkowski, H.
260
_b
Tatran
_a
Bratislava
_c
1973
020
_c
50
041
_a
slo
044
_a
xo
_c
SK
999
_c
14886
_d
14886